Wild Strawberry Patch /

Uloženo v:
Podrobná bibliografie
Hlavní autor: Ramp, James H.
Médium: Kniha
Jazyk:angličtina
Vydáno: San Francisco Fanfare 1966
Tagy: Přidat tag
Žádné tagy, Buďte první, kdo vytvoří štítek k tomuto záznamu!

MARC

LEADER 00000nam a2200000 4500
001 CDOM0000004008
003 mi
005 20251017143251.0
008 251017b |||||||| |||| 00| 0 eng d
040 |c mi 
100 |a Ramp, James H. 
245 1 |a Wild Strawberry Patch /  |c James H. Ramp 
260 |a San Francisco  |b Fanfare  |c 1966 
300 |a 120 p. ;  |c 20,4 cm. 
942 |2 ddc  |c BK 
952 |0 0  |1 0  |2 ddc  |4 0  |7 0  |9 7154  |a MI  |b MI  |d 1988-02-18  |i 844  |l 0  |p CDOM844  |r 2025-07-13 16:28:00  |w 2025-07-13  |x Fondo Gino Olivari  |y BK 
999 |c 5851  |d 5851